000 01620nam a2200337 a 4500
001 ebr10671107
003 CaPaEBR
006 m u
007 cr cn|||||||||
008 100813s2011 nyua sb 001 0 eng d
010 _z 2010033045
020 _z9781617616082 (hardcover)
020 _z9781613242674 (e-book)
040 _aCaPaEBR
_cCaPaEBR
035 _a(OCoLC)738476063
050 1 4 _aQP171
_b.S46 2011eb
082 0 4 _a570.285
_222
100 1 _aSemmar, Nabil.
245 1 0 _aComputational metabolomics
_h[electronic resource] /
_cNabil Semmar.
260 _aNew York :
_bNova Science Publishers,
_cc2011.
300 _aviii, 238 p. :
_bill.
490 1 _aMetabolic diseases--laboratory and clinical research
504 _aIncludes bibliographical references (p. [213]-232) and index.
505 0 _aGeneral classification of metabolomic approaches -- Stoichiometry-based approaches -- Correlation-based approaches -- Distances- and similarity indices-based approaches : cluster analysis -- Outliers and extreme cases analysis -- Weighted metabolic profiles analysis -- Time-dependent analysis of metabolic systems.
533 _aElectronic reproduction.
_bPalo Alto, Calif. :
_cebrary,
_d2013.
_nAvailable via World Wide Web.
_nAccess may be limited to ebrary affiliated libraries.
650 0 _aMetabolites.
655 7 _aElectronic books.
_2local
710 2 _aebrary, Inc.
830 0 _aMetabolic diseases--laboratory and clinical research series.
856 4 0 _uhttp://site.ebrary.com/lib/rucke/Doc?id=10671107
_zAn electronic book accessible through the World Wide Web; click to view
999 _c176083
_d176083